| 000 | 00401nam a2200145Ia 4500 | ||
|---|---|---|---|
| 008 | 150201s2004 xx 000 0 und d | ||
| 082 |
_a617.601 _bF2004K |
||
| 100 | _aKARMEGAM RAMESH | ||
| 245 | _aFIRST AID TO COMMUNITY AND PREVENTIVE DENTISTRY | ||
| 250 | _a1ST | ||
| 260 |
_bPARAS PUBLISHING _aHYDERABAD _c2004 |
||
| 300 | _a1-140 | ||
| 650 | _aPREVENTIVE AND COMMUNITY DENTISTRY | ||
| 942 |
_2ddc _cBK |
||
| 999 |
_c3013 _d3013 |
||